[Event "SLO-chT2 East"]
[Site "Brezice Maribor"]
[Date "2007.10.20"]
[Round "8"]
[White "Skvorc, Ziga"]
[Black "Bitenc, Ivan"]
[Result "1/2-1/2"]
[WhiteElo "1522"]
[BlackElo "1870"]
[PlyCount "36"]
[EventDate "2007.05.26"]
[EventType "team-tourn"]
[EventRounds "9"]
[EventCountry "SLO"]
[SourceTitle "EXT 2010"]
[Source "ChessBase"]
[SourceDate "2010.11.25"]
[SourceVersion "1"]
[SourceVersionDate "2010.11.25"]
[SourceQuality "1"]

1. e4 c5 2. Nf3 d6 3. d4 cxd4 4. Nxd4 Nf6 5. Nc3 a6 6. Bg5 e6 7. f4 Be7 8. Qf3 Qc7 9. h4 Nbd7 10. g4 b5 11. h5 Bb7 12. Bd3 b4 13. Nce2 Nc5 14. Bxf6 Bxf6 15. g5 Bxd4 16. Nxd4 Nxd3+ 17. Qxd3 Rc8 18. 0-0-0 Qc5 1/2-1/2

[Event "SLO-chT2 East"]
[Site "Brezice Maribor"]
[Date "2007.05.26"]
[Round "2"]
[White "Zajsek, Franc"]
[Black "Bitenc, Ivan"]
[Result "0-1"]
[WhiteElo "1841"]
[BlackElo "1870"]
[PlyCount "114"]
[EventDate "2007.05.26"]
[EventType "team-tourn"]
[EventRounds "9"]
[EventCountry "SLO"]
[SourceTitle "EXT 2010"]
[Source "ChessBase"]
[SourceDate "2010.11.25"]
[SourceVersion "1"]
[SourceVersionDate "2010.11.25"]
[SourceQuality "1"]

1. d4 Nf6 2. c4 e6 3. Nf3 c5 4. Nc3 d5 5. Bg5 cxd4 6. Nxd4 dxc4 7. e3 Be7 8. Bxc4 a6 9. Be2 0-0 10. Bf3 Qb6 11. Qb3 Nbd7 12. 0-0 Qxb3 13. Nxb3 Ne5 14. Be2 h6 15. Bh4 Ng6 16. Bg3 Bb4 17. Na4 Ne4 18. Bc7 b5 19. Nb6 Ra7 20. Rac1 Bb7 21. Rfd1 Re8 22. a3 Bf8 23. Na5 Nf6 24. f3 Ne7 25. e4 Bc6 26. Bd8 Ba8 27. Bxe7 Bxe7 28. e5 Nd5 29. Nc8 Rd7 30. Nxe7+ Rdxe7 31. g3 g5 32. Kf2 Kg7 33. Rc5 f5 34. exf6+ Kxf6 35. Nc6 Rc7 36. Rcxd5 exd5 37. Nb4 Rc5 38. Bd3 a5 39. Na6 Rc6 40. Bxb5 Rc2+ 41. Kf1 Re3 42. Kg1 Rxf3 43. Rf1 Rxf1+ 44. Bxf1 Rxb2 45. Bg2 Ke5 46. Nc5 Rb1+ 47. Kf2 Kd4 48. Ne6+ Kc4 49. Ng7 Rb2+ 50. Kf1 Bc6 51. Nf5 h5 52. Ne3+ Kd4 53. Nf5+ Ke5 54. Ne3 Bb5+ 55. Kg1 d4 56. a4 dxe3 57. axb5 Rb1+ 0-1

[Event "SLO-chT2 East"]
[Site "Velenje"]
[Date "2005.11.08"]
[Round "7"]
[White "Bitenc, Ivan"]
[Black "Benko, Bostjan"]
[Result "1/2-1/2"]
[WhiteElo "1900"]
[BlackElo "1822"]
[PlyCount "34"]
[EventDate "2005.05.27"]
[EventType "team"]
[EventRounds "9"]
[EventCountry "SLO"]
[SourceTitle "EXT 2009"]
[Source "ChessBase"]
[SourceDate "2008.11.26"]
[SourceVersion "1"]
[SourceVersionDate "2008.11.26"]
[SourceQuality "1"]

1. c4 Nf6 2. Nc3 e6 3. e4 d6 4. d3 c5 5. f4 Nc6 6. Nf3 Qc7 7. Be2 Be7 8. 0-0 a6 9. h3 0-0 10. Be3 Rb8 11. a4 b6 12. Qd2 Bb7 13. Bf2 Rfd8 14. Nd1 Na5 15. Qc2 Bc6 16. Ne3 b5 17. axb5 axb5 1/2-1/2